All 10k+ cities and villages in New York - Statistics

General Stats
  • This quiz has been taken 162 times
    111 since last reset
  • The average score is 40 of 92
Answers on the Map
Answers color-coded by a green-red scale on the quiz's map according to % correct below.
 
Answer Stats
City Population % Correct
Albany 99,224
96%
Buffalo 278,349
96%
New York City 8,804,190
96%
Rochester 211,328
93%
Syracuse 148,620
93%
Niagara Falls 48,671
88%
Yonkers 211,569
87%
Utica 65,283
85%
Schenectady 67,047
82%
Binghamton 47,969
78%
Poughkeepsie 31,577
78%
Troy 51,401
78%
Ithaca 32,108
75%
New Rochelle 79,726
72%
Saratoga Springs 28,491
72%
White Plains 59,559
67%
Hempstead 59,169
66%
Elmira 26,523
64%
Rome 32,127
64%
Mount Vernon 73,893
63%
Watertown 24,685
61%
Plattsburgh 19,841
60%
Jamestown 28,712
58%
Newburgh 28,856
55%
Oswego 16,921
55%
Kingston 24,069
54%
Long Beach 35,029
54%
Tonawanda 15,129
52%
North Tonawanda 30,496
49%
Middletown 30,345
48%
Kiryas Joel 32,954
46%
Lockport 20,876
46%
Rye 16,592
46%
Glens Falls 14,830
45%
Auburn 26,866
43%
Oneonta 13,079
43%
Peekskill 25,431
43%
Cortland 17,556
42%
Amsterdam 18,219
40%
Oneida 10,329
40%
Tarrytown 11,860
40%
Babylon 12,188
39%
Beacon 13,769
37%
Dunkirk 12,743
37%
Valley Stream 40,634
37%
Watervliet 10,375
37%
Batavia 15,600
36%
Cohoes 18,147
36%
Glen Cove 28,365
36%
Canandaigua 10,576
34%
Corning 10,551
34%
Garden CIty 23,272
34%
Mamaroneck 20,151
34%
Ogdensburg 10,064
34%
Olean 13,937
34%
Harrison 28,218
33%
Ossining 27,551
33%
Port Chester 31,693
33%
Spring Valley 33,066
33%
Gloversville 15,131
31%
Lackawanna 19,949
31%
Massena 10,151
31%
Geneva 12,812
30%
Mineola 20,800
30%
Endicott 13,667
28%
Haverstraw 12,323
28%
Johnson City 15,343
28%
Scarsdale 18,253
28%
Suffern 11,441
28%
Freeport 44,472
27%
Fulton 11,389
25%
Great Neck 11,145
24%
Depew 15,178
22%
Lancaster 10,027
22%
Mount Kisco 10,959
22%
Rockville Centre 26,016
22%
Floral Park 16,172
21%
Lindenhurst 27,148
19%
Woodbury 11,526
19%
Airmont 10,166
16%
Chestnut Ridge 10,505
16%
Dobbs Ferry 11,541
16%
Lynbrook 20,438
16%
Massapequa Park 17,109
16%
New Hyde Park 10,257
16%
Patchogue 12,408
16%
Rye Brook 10,047
16%
Kenmore 15,205
15%
Westbury 15,864
15%
East Rockaway 10,159
13%
West Haverstraw 10,678
13%
Lake Grove 11,072
6%
No matching quizzes found
Score Distribution
Percent of People with Each Score
Percentile by Number Answered
Your Score History
You have not taken this quiz since the last reset